Famous People from New Mexico - Statistics

General Stats
  • This quiz has been taken 918 times
  • The average score is 5 of 10
Answer Stats
Clue Hometown Answer % Correct
Founder of a famous hotel chain Socorro County Conrad Hilton
76%
Baby-faced outlaw, gunned down in 1881 Santa Fe Billy the Kid
68%
Star of "Indecent Proposal" and "G.I. Jane" Roswell Demi Moore
64%
Apache leader who battled U.S. and Mexican forces - Geronimo
59%
He was Doogie Howser Ruidoso Neil Patrick Harris
58%
Painter of flowers - she moved to New Mexico at age 61 Abiquiu Georgia O'Keefe
55%
Sarah Michelle Gellar's husband Albuquerque Freddie Prinze Jr.
48%
Creator of "Beavis and Butt-head" and "King of the Hill" Albuquerque Mike Judge
29%
Governor who ran for President in 2008 Santa Fe Bill Richardson
24%
4x Indianapolis 500 winner Albuquerque Al Unser
22%
No matching quizzes found
Score Distribution
Percent of People with Each Score
Percentile by Number Answered
Your Score History
You have not taken this quiz